| 000 | 00721nam a2200229 u 4500 | ||
|---|---|---|---|
| 005 | 20240228064244.0 | ||
| 008 | 160526s2008 r 000 0 eng d | ||
| 020 | _a9788498672725 | ||
| 035 | _aUPN01000210677 | ||
| 049 | _aI | ||
| 050 | 4 |
_aNA7710 _bL4.2 |
|
| 100 | 1 |
_aLedu, Stéphanie, _d1966- _932913 |
|
| 245 | 1 | 4 |
_aLos castillos / _cStéphanie Ledu ; il. Anne Guillard ; tr. Laia Esque Durrande. |
| 260 |
_aBarcelona, Esp. : _bRBA Libros, _c2008. |
||
| 300 |
_a29 p. : _bil., col. |
||
| 440 | 0 | _aMini report | |
| 534 |
_pTítulo original: _tLes cháteaux forts |
||
| 650 | 4 |
_aCASTILLOS - _vLITERATURA INFANTIL _911230 |
|
| 650 | 4 |
_aLibros y lectura para niños _92290 |
|
| 905 | _aInfantil | ||
| 999 |
_c182778 _d182778 |
||